| 000 | 00323nam a2200121Ia 4500 | ||
|---|---|---|---|
| 999 |
_c16425 _d16425 |
||
| 082 | _aRR 340.03 BHA-L | ||
| 100 | _aBhargava, Jyoti Lal | ||
| 245 | 0 | _aLegal glossary: containing english-hindi-urdu synonyms | |
| 260 |
_aLucknow _bRashtiya Prakshan Mandal _c1976 |
||
| 300 | _a306 | ||
| 650 |
_aLaw _vDictionaries |
||
| 942 | _cBK | ||